[Event "10. HIT Open 2005 - A"]
[Site "Nova Gorica SLO"]
[Date "2005.01.29"]
[Round "3.17"]
[White "Kuljasevic, Davorin"]
[Black "Astengo, Marcello"]
[Result "1-0"]
[WhiteElo "2401"]
[BlackElo "2074"]
[PlyCount "67"]
[EventDate "2005.01.28"]
[EventType "swiss"]
[EventRounds "9"]
[EventCountry "SLO"]
[Source "lmi"]
[SourceDate "2005.02.03"]

1. d4 d5 2. c4 e6 3. Nc3 c6 4. e3 Nd7 5. Nf3 Ngf6 6. Qc2 Bd6 7. Be2 O-O 8. O-O
b6 9. e4 dxe4 10. Nxe4 Be7 11. Bf4 Nxe4 12. Qxe4 Bb7 13. Rad1 Re8 14. Bd3 Nf8
15. Qe2 Ng6 16. Bg3 Bf6 17. c5 Qd5 18. b4 Qh5 19. Be4 e5 20. Bxg6 hxg6 21. dxe5
a5 22. Qb2 Be7 23. e6 fxe6 24. bxa5 Rxa5 25. cxb6 Rb5 26. Qd4 Rd8 27. Qe3 Bc8
28. a4 Rbd5 29. Rb1 Bc5 30. Qe4 e5 31. Qc4 Bf5 32. Rb3 e4 33. Ne5 Kh7 34. Nxc6
1-0

[Event "10. HIT Open 2005 - A"]
[Site "Nova Gorica SLO"]
[Date "2005.01.29"]
[Round "3.18"]
[White "Brustkern, Juergen"]
[Black "Godena, Michele"]
[Result "0-1"]
[WhiteElo "2251"]
[BlackElo "2544"]
[PlyCount "114"]
[EventDate "2005.01.28"]
[EventType "swiss"]
[EventRounds "9"]
[EventCountry "SLO"]
[Source "lmi"]
[SourceDate "2005.02.03"]

1. e4 e5 2. Bc4 Nf6 3. d3 Nc6 4. Nf3 Bc5 5. O-O d6 6. c3 O-O 7. Bb3 a6 8. Be3
Bxe3 9. fxe3 Ne7 10. Nbd2 Ng6 11. Qe1 Qe7 12. Nh4 Nxh4 13. Qxh4 Be6 14. Rf3
Rae8 15. Raf1 Nd7 16. Qxe7 Rxe7 17. Bxe6 Rxe6 18. Kf2 f6 19. Ke2 Ra8 20. Rc1 a5
21. c4 Ree8 22. Rff1 Nc5 23. b3 Kf7 24. Nb1 c6 25. Nc3 h5 26. Rf3 h4 27. Rcf1
Rh8 28. Rd1 Rae8 29. Rf2 Rh5 30. Rf5 Rh6 31. Rdf1 Rhh8 32. R5f3 Ne6 33. Rd1 Rb8
34. Rff1 b5 35. cxb5 cxb5 36. d4 Rhc8 37. Kd3 Rc6 38. Rd2 b4 39. Nd5 Rbc8 40.
Rdf2 Nc7 41. Nxc7 R8xc7 42. Rd2 Rc3+ 43. Ke2 a4 44. bxa4 Ra3 45. Rb1 Rxa4 46.
Rb3 Rc3 47. Rdb2 Rxa2 48. Rxb4 Raa3 49. dxe5 dxe5 50. Rd2 Rxe3+ 51. Kf2 Kg6 52.
Rc2 Kg5 53. Rc7 g6 54. Rc6 Red3 55. Rc2 h3 56. gxh3 Rxh3 57. Kg2 Rh4 0-1

[Event "10. HIT Open 2005 - A"]
[Site "Nova Gorica SLO"]
[Date "2005.01.29"]
[Round "3.19"]
[White "Miletic, Dean"]
[Black "Zorko, Jure"]
[Result "0-1"]
[WhiteElo "2134"]
[BlackElo "2300"]
[PlyCount "88"]
[EventDate "2005.01.28"]
[EventType "swiss"]
[EventRounds "9"]
[EventCountry "SLO"]
[Source "lmi"]
[SourceDate "2005.02.03"]

1. e4 c5 2. Nf3 Nc6 3. d4 cxd4 4. Nxd4 e5 5. Nb5 d6 6. N1c3 a6 7. Na3 b5 8. Nd5
Nce7 9. c4 Nxd5 10. cxd5 Be7 11. Bd3 Bd7 12. O-O Bg5 13. Nc2 Bxc1 14. Rxc1 Ne7
15. Ne3 O-O 16. Qd2 a5 17. Rc2 Qb6 18. Rfc1 Rfc8 19. Be2 f6 20. h3 Rxc2 21.
Rxc2 f5 22. exf5 Bxf5 23. Bd3 Bd7 24. Ng4 Bxg4 25. hxg4 Rf8 26. g3 g6 27. Be4
b4 28. b3 Rc8 29. Kg2 Rxc2 30. Qxc2 Kg7 31. f4 Qd4 32. Qc4 Qb2+ 33. Kh3 exf4
34. gxf4 Qc3+ 35. Kg2 Qxc4 36. bxc4 Nc8 37. Kf3 Nb6 38. Bd3 Na4 39. Ke3 h5 40.
gxh5 gxh5 41. Kd4 Nc5 42. Bf5 Kf6 43. Bh3 a4 44. Bc8 a3 0-1

[Event "10. HIT Open 2005 - A"]
[Site "Nova Gorica SLO"]
[Date "2005.01.29"]
[Round "3.22"]
[White "De Val, Daniele"]
[Black "Muzychuk, Anna"]
[Result "1/2-1/2"]
[WhiteElo "2144"]
[BlackElo "2387"]
[PlyCount "59"]
[EventDate "2005.01.28"]
[EventType "swiss"]
[EventRounds "9"]
[EventCountry "SLO"]
[Source "lmi"]
[SourceDate "2005.02.03"]

1. Nf3 f5 2. d3 d6 3. e4 e5 4. Nc3 Nf6 5. exf5 Bxf5 6. d4 e4 7. Nh4 Bg4 8. Be2
Bxe2 9. Qxe2 d5 10. Qb5+ Nc6 11. O-O Bd6 12. g3 a6 13. Qb3 Nxd4 14. Qxb7 Nxc2
15. Nxd5 Nxa1 16. Nxf6+ gxf6 17. Qc6+ Kf7 18. Qd5+ Ke8 19. Qxe4+ Be5 20. Bf4
Rb8 21. Bxe5 fxe5 22. Qxe5+ Kf7 23. Qh5+ Kg7 24. Qg4+ Kf7 25. Qf4+ Qf6 26.
Qxc7+ Qe7 27. Qf4+ Qf6 28. Qc7+ Qe7 29. Qf4+ Qf6 30. Qc7+ 1/2-1/2

[Event "10. HIT Open 2005 - A"]
[Site "Nova Gorica SLO"]
[Date "2005.01.29"]
[Round "3.23"]
[White "Stantic, Severino"]
[Black "Jaracz, Barbara"]
[Result "0-1"]
[WhiteElo "2096"]
[BlackElo "2256"]
[PlyCount "110"]
[EventDate "2005.01.28"]
[EventType "swiss"]
[EventRounds "9"]
[EventCountry "SLO"]
[Source "lmi"]
[SourceDate "2005.02.03"]

1. Nf3 Nf6 2. b3 c5 3. Bb2 Nc6 4. e3 e6 5. Bb5 Be7 6. O-O O-O 7. d4 cxd4 8.
exd4 d6 9. Nbd2 Nb4 10. c3 Nbd5 11. Re1 Qc7 12. Qc2 b6 13. Rac1 Bb7 14. Qd1 Nf4
15. Bf1 Rac8 16. c4 Rfe8 17. g3 Ng6 18. Bh3 Rcd8 19. Qe2 Bf8 20. Ng5 Qc6 21. f3
d5 22. Qd3 Bb4 23. a3 Bxd2 24. Qxd2 h6 25. cxd5 Qxd5 26. Ne4 Nxe4 27. fxe4 Qxb3
28. Rc7 Re7 29. Rxe7 Nxe7 30. Re3 Qa2 31. Bf1 Nc6 32. Re2 Ba6 33. Rf2 Bxf1 34.
Rxf1 Nxd4 35. Qf2 Nf3+ 36. Qxf3 Qxb2 37. Qxf7+ Kh8 38. Qxe6 Qxa3 39. Kg2 Qd6
40. Qf5 Re8 41. Qg4 Qe5 42. Re1 a5 43. Qd7 b5 44. Qc6 b4 45. Qc4 Rd8 46. Re2
Kh7 47. Qc2 Rb8 48. Qb3 Rc8 49. Qb1 Rb8 50. Qb3 Qb5 51. Rf2 a4 52. Qb1 Kh8 53.
Rf5 Qc6 54. Kh3 b3 55. e5 b2 0-1

[Event "10. HIT Open 2005 - A"]
[Site "Nova Gorica SLO"]
[Date "2005.01.30"]
[Round "4.2"]
[White "Burmakin, Vladimir"]
[Black "Saric, Ante"]
[Result "1/2-1/2"]
[WhiteElo "2554"]
[BlackElo "2447"]
[PlyCount "99"]
[EventDate "2005.01.28"]
[EventType "swiss"]
[EventRounds "9"]
[EventCountry "SLO"]
[Source "lmi"]
[SourceDate "2005.02.03"]

1. d4 Nf6 2. c4 e6 3. g3 d5 4. Nf3 dxc4 5. Bg2 Nc6 6. O-O Rb8 7. e3 b5 8. b3
cxb3 9. axb3 Bb7 10. Qe2 a6 11. Bb2 Be7 12. Rd1 O-O 13. Ne1 Nb4 14. e4 Qd7 15.
Nc3 Rfd8 16. Nc2 Qe8 17. Nxb4 Bxb4 18. Na2 Bf8 19. b4 Nd7 20. Rac1 Rbc8 21. Rc2
Nb6 22. Bc3 Nc4 23. f4 f5 24. Re1 fxe4 25. Bxe4 Bd5 26. Nc1 Nd6 27. Bxd5 exd5
28. Qf3 Ne4 29. Nd3 Qg6 30. Bb2 Bd6 31. Ra1 Ra8 32. Rc6 Qe8 33. Rcxa6 Rxa6 34.
Rxa6 Ra8 35. Ra5 Qc6 36. Qd1 Re8 37. Nc5 Ra8 38. Rxa8+ Qxa8 39. Nxe4 dxe4 40.
Qb3+ Kf8 41. d5 Qe8 42. Kf2 Qe7 43. Ke3 Bxb4 44. Be5 Bd6 45. Kxe4 Qd7 46. Bd4
g6 47. Kf3 c5 48. dxc6 Qxc6+ 49. Ke3 Bc5 50. Bxc5+ 1/2-1/2

[Event "10. HIT Open 2005 - A"]
[Site "Nova Gorica SLO"]
[Date "2005.01.30"]
[Round "4.3"]
[White "Mihalcisin, Adrian"]
[Black "Miezis, Normunds"]
[Result "1/2-1/2"]
[WhiteElo "2522"]
[BlackElo "2547"]
[PlyCount "29"]
[EventDate "2005.01.28"]
[EventType "swiss"]
[EventRounds "9"]
[EventCountry "SLO"]
[Source "lmi"]
[SourceDate "2005.02.03"]

1. Nf3 c5 2. c4 Nf6 3. Nc3 Nc6 4. d4 cxd4 5. Nxd4 e6 6. Bf4 Bc5 7. Ndb5 O-O 8.
Bc7 Qe7 9. Bd6 Bxd6 10. Qxd6 Ne8 11. Qxe7 Nxe7 12. O-O-O d5 13. cxd5 exd5 14.
e3 a6 15. Nd4 1/2-1/2

[Event "10. HIT Open 2005 - A"]
[Site "Nova Gorica SLO"]
[Date "2005.01.30"]
[Round "4.4"]
[White "Kozul, Zdenko"]
[Black "Cebalo, Miso"]
[Result "1/2-1/2"]
[WhiteElo "2595"]
[BlackElo "2519"]
[PlyCount "48"]
[EventDate "2005.01.28"]
[EventType "swiss"]
[EventRounds "9"]
[EventCountry "SLO"]
[Source "lmi"]
[SourceDate "2005.02.03"]

1. d4 Nf6 2. Nf3 g6 3. c4 Bg7 4. Nc3 O-O 5. e4 d6 6. Be2 Bg4 7. Be3 Nfd7 8. Rc1
a6 9. d5 Bxf3 10. gxf3 c6 11. f4 cxd5 12. cxd5 Nf6 13. e5 Ne8 14. e6 fxe6 15.
h4 Nf6 16. h5 gxh5 17. Bd4 e5 18. fxe5 dxe5 19. Bxe5 Nbd7 20. Bd4 Rf7 21. Bxh5
Nxh5 22. Rxh5 Bxd4 23. Qxd4 Rg7 24. Kd2 Qb6 1/2-1/2

[Event "10. HIT Open 2005 - A"]
[Site "Nova Gorica SLO"]
[Date "2005.01.30"]
[Round "4.5"]
[White "Lenic, Luka"]
[Black "Markus, Robert"]
[Result "1/2-1/2"]
[WhiteElo "2450"]
[BlackElo "2584"]
[PlyCount "70"]
[EventDate "2005.01.28"]
[EventType "swiss"]
[EventRounds "9"]
[EventCountry "SLO"]
[Source "lmi"]
[SourceDate "2005.02.03"]

1. d4 Nf6 2. c4 e6 3. Nf3 b6 4. Nc3 Bb4 5. Bg5 Bb7 6. e3 h6 7. Bh4 g5 8. Bg3
Ne4 9. Nd2 Nxc3 10. bxc3 Bxc3 11. Rc1 Bb4 12. h4 gxh4 13. Bxh4 Be7 14. Bg3 d6
15. c5 dxc5 16. dxc5 Bxc5 17. Qa4+ Bc6 18. Bb5 Qd7 19. Bxc6 Qxc6 20. Qxc6+ Nxc6
21. Ne4 Nb4 22. Nxc5 bxc5 23. Ke2 Na6 24. Be5 Rg8 25. Rxh6 O-O-O 26. Rh4 Rd5
27. Bg3 Nb4 28. Rhc4 Rgg5 29. e4 Rd7 30. a3 Nc6 31. Bf4 Rh5 32. Rxc5 Rxc5 33.
Rxc5 Kb7 34. Be3 Nd4+ 35. Bxd4 Rxd4 1/2-1/2

[Event "10. HIT Open 2005 - A"]
[Site "Nova Gorica SLO"]
[Date "2005.01.30"]
[Round "4.6"]
[White "Nevednichy, Vladislav"]
[Black "Pavlovic, Milos"]
[Result "1-0"]
[WhiteElo "2559"]
[BlackElo "2485"]
[PlyCount "82"]
[EventDate "2005.01.28"]
[EventType "swiss"]
[EventRounds "9"]
[EventCountry "SLO"]
[Source "lmi"]
[SourceDate "2005.02.03"]

1. e4 c5 2. Nf3 e6 3. d4 cxd4 4. Nxd4 Nf6 5. Nc3 Nc6 6. Nxc6 bxc6 7. e5 Nd5 8.
Ne4 Qc7 9. f4 Qb6 10. c4 Ne3 11. Qd3 Bb4+ 12. Ke2 Nxc4 13. a3 Be7 14. Kf3 Ba6
15. Qc3 d5 16. exd6 Nxd6 17. Nxd6+ Bxd6 18. Qxg7 Bxf1 19. Rxf1 O-O-O 20. Be3
Qb5 21. Rfd1 Qh5+ 22. Qg4 Qb5 23. Qg7 Qh5+ 24. Qg4 Qb5 25. Rac1 Rhg8 26. Qh3 h5
27. b4 Bc7 28. Kf2 Bb6 29. Qf3 Kb7 30. Bc5 Rxd1 31. Qxd1 Rd8 32. Qxh5 Rd2+ 33.
Kg1 Qd3 34. Qxf7+ Ka6 35. Qh5 Qxa3 36. Rf1 Qxb4 37. Ra1+ Kb5 38. Be3+ Kc4 39.
Bxb6 axb6 40. Qf3 Rd5 41. Rc1+ Kd4 1-0

[Event "10. HIT Open 2005 - A"]
[Site "Nova Gorica SLO"]
[Date "2005.01.30"]
[Round "4.7"]
[White "Kovacevic, Aleksandar"]
[Black "Jankovic, Alojzije"]
[Result "1/2-1/2"]
[WhiteElo "2554"]
[BlackElo "2477"]
[PlyCount "120"]
[EventDate "2005.01.28"]
[EventType "swiss"]
[EventRounds "9"]
[EventCountry "SLO"]
[Source "lmi"]
[SourceDate "2005.02.03"]

1. e4 c5 2. Nf3 Nc6 3. d4 cxd4 4. Nxd4 Nf6 5. Nc3 d6 6. f3 e5 7. Nb3 Be7 8. Be3
O-O 9. Qd2 a5 10. Bb5 Na7 11. Bd3 Nc6 12. Rd1 a4 13. Nc1 a3 14. b3 Be6 15. O-O
Nb4 16. Qf2 Qc8 17. Na4 Rxa4 18. bxa4 d5 19. exd5 Nfxd5 20. Kh1 f5 21. Qe1 Nc3
22. Rd2 Nbxa2 23. Nxa2 Bxa2 24. Bd4 Bb1 25. Bxc3 Qxc3 26. Rd1 Qxe1 27. Rfxe1 a2
28. Rxb1 axb1=Q 29. Rxb1 Ra8 30. Rxb7 Rxa4 31. g3 e4 32. fxe4 fxe4 33. Rxe7
exd3 34. cxd3 Ra2 35. Kg1 Rd2 36. Re3 Kf7 37. h4 g5 38. hxg5 Kg6 39. Kf1 Kxg5
40. Ke1 Ra2 41. Re2 Ra8 42. Kd2 Kg4 43. Re3 Rd8 44. Kc3 Rc8+ 45. Kd2 Rd8 46.
Ke2 h5 47. Kf2 Rf8+ 48. Ke2 Rd8 49. Kf2 Rf8+ 50. Kg2 Rd8 51. Re4+ Kf5 52. Re3
Kg4 53. Rf3 Rd4 54. Re3 Rd8 55. Re4+ Kf5 56. Rf4+ Ke5 57. Rf3 Rd4 58. Re3+ Kf5
59. Kf2 Rd8 60. Ke2 Kg4 1/2-1/2

[Event "10. HIT Open 2005 - A"]
[Site "Nova Gorica SLO"]
[Date "2005.01.30"]
[Round "4.8"]
[White "Borisek, Jure"]
[Black "Jaracz, Pawel"]
[Result "1-0"]
[WhiteElo "2489"]
[BlackElo "2532"]
[PlyCount "109"]
[EventDate "2005.01.28"]
[EventType "swiss"]
[EventRounds "9"]
[EventCountry "SLO"]
[Source "lmi"]
[SourceDate "2005.02.03"]

1. e4 c5 2. Nf3 d6 3. d4 cxd4 4. Nxd4 Nf6 5. Nc3 a6 6. Be3 e5 7. Nb3 Be6 8. f3
Be7 9. Qd2 O-O 10. O-O-O a5 11. Kb1 a4 12. Nc1 a3 13. b3 Nc6 14. g4 Nd4 15.
Bxd4 exd4 16. Qxd4 Qa5 17. b4 Qc7 18. Nb5 Qc6 19. Nb3 d5 20. e5 Nd7 21. c3 Rfc8
22. Be2 Nb6 23. Rc1 Nc4 24. Na7 Rxa7 25. Qxa7 Nxe5 26. Nd4 Qd7 27. Qxa3 Bg5 28.
Rc2 g6 29. Rd1 Qe7 30. Qb3 Nc6 31. Bb5 Qf6 32. Bxc6 bxc6 33. Re2 Bf4 34. Qc2 c5
35. bxc5 Rxc5 36. Qd3 Bd7 37. Rde1 Bd6 38. Rb2 Qh4 39. Qe3 Qd8 40. Nb3 Rc4 41.
Qd3 Qc7 42. Qxd5 Rxc3 43. Rd1 Rc6 44. Na5 Rc5 45. Qa8+ Kg7 46. Nb7 Bc6 47. Nxd6
Bxa8 48. Ne8+ Kh6 49. Nxc7 Bxf3 50. Na6 Ra5 51. Rd6 Bxg4 52. Kc1 f5 53. Kd2 Kh5
54. Nb4 f4 55. Rd3 1-0

[Event "10. HIT Open 2005 - A"]
[Site "Nova Gorica SLO"]
[Date "2005.01.30"]
[Round "4.9"]
[White "Paschall, William M"]
[Black "Cvitan, Ognjen"]
[Result "1/2-1/2"]
[WhiteElo "2403"]
[BlackElo "2520"]
[PlyCount "28"]
[EventDate "2005.01.28"]
[EventType "swiss"]
[EventRounds "9"]
[EventCountry "SLO"]
[Source "lmi"]
[SourceDate "2005.02.03"]

1. d4 Nf6 2. c4 e6 3. Nc3 Bb4 4. e3 c5 5. Nge2 d5 6. a3 Bxc3+ 7. Nxc3 cxd4 8.
exd4 dxc4 9. Bxc4 Nc6 10. Be3 O-O 11. O-O h6 12. d5 exd5 13. Nxd5 Be6 14. Nxf6+
Qxf6 1/2-1/2

[Event "10. HIT Open 2005 - A"]
[Site "Nova Gorica SLO"]
[Date "2005.01.30"]
[Round "4.10"]
[White "Kuljasevic, Davorin"]
[Black "Drazic, Sinisa"]
[Result "1/2-1/2"]
[WhiteElo "2401"]
[BlackElo "2489"]
[PlyCount "83"]
[EventDate "2005.01.28"]
[EventType "swiss"]
[EventRounds "9"]
[EventCountry "SLO"]
[Source "lmi"]
[SourceDate "2005.02.03"]

1. d4 Nf6 2. Nf3 c5 3. d5 b5 4. Bg5 Qb6 5. Bxf6 Qxf6 6. c3 Qf5 7. Na3 a6 8. Nc2
Bb7 9. Ne3 Qf6 10. g3 g6 11. Bg2 Bg7 12. O-O O-O 13. a4 b4 14. Nd2 a5 15. Ne4
Qb6 16. d6 e6 17. Nc4 Qa7 18. Qd3 f5 19. Ned2 Bxg2 20. Kxg2 Nc6 21. f4 Qb7 22.
Kg1 Nd8 23. Rad1 Nf7 24. e4 fxe4 25. Nxe4 Qc6 26. cxb4 cxb4 27. b3 Rac8 28. g4
Nd8 29. Qe3 Qa6 30. Ne5 Qb7 31. Rc1 Nc6 32. Nc5 Qa7 33. Rfe1 Nxe5 34. fxe5 Rc6
35. Rc4 Rfc8 36. Rec1 Bh6 37. g5 Bxg5 38. Qxg5 Rxc5 39. Rxc5 Rxc5 40. Qd8+ Kg7
41. Qf6+ Kg8 42. Qd8+ 1/2-1/2

[Event "10. HIT Open 2005 - A"]
[Site "Nova Gorica SLO"]
[Date "2005.01.30"]
[Round "4.11"]
[White "Krumpacnik, Domen"]
[Black "Brkic, Ante"]
[Result "1-0"]
[WhiteElo "2364"]
[BlackElo "2458"]
[PlyCount "75"]
[EventDate "2005.01.28"]
[EventType "swiss"]
[EventRounds "9"]
[EventCountry "SLO"]
[Source "lmi"]
[SourceDate "2005.02.03"]

1. d4 Nf6 2. c4 e6 3. Nc3 Bb4 4. Bg5 h6 5. Bh4 c5 6. d5 b5 7. e3 bxc4 8. Bxc4
Bb7 9. Bxf6 Qxf6 10. Nge2 O-O 11. O-O Qe7 12. Qb3 Bc8 13. Ne4 exd5 14. Bxd5 Nc6
15. Nf4 Kh8 16. Rfd1 Ba5 17. Nd6 Qxd6 18. Bxf7 Qxf4 19. exf4 Rb8 20. Qe3 Nd4
21. Bd5 d6 22. Rxd4 cxd4 23. Qxd4 Bb6 24. Qd2 Bf5 25. h3 Bc5 26. a3 a5 27. b3
Bb6 28. g4 Bd7 29. f5 Bd8 30. Re1 a4 31. b4 Bf6 32. Be6 Bb5 33. Qxd6 Rfd8 34.
Qc7 Bb2 35. h4 Bxa3 36. f6 gxf6 37. Qf7 Rf8 38. Qg6 1-0

[Event "10. HIT Open 2005 - A"]
[Site "Nova Gorica SLO"]
[Date "2005.01.30"]
[Round "4.12"]
[White "Godena, Michele"]
[Black "Beletic, Danijel"]
[Result "1-0"]
[WhiteElo "2544"]
[BlackElo "2199"]
[PlyCount "65"]
[EventDate "2005.01.28"]
[EventType "swiss"]
[EventRounds "9"]
[EventCountry "SLO"]
[Source "lmi"]
[SourceDate "2005.02.03"]

1. e4 c5 2. c3 d5 3. exd5 Qxd5 4. d4 Nf6 5. Nf3 Bg4 6. dxc5 Qxc5 7. Na3 a6 8.
Be3 Qc7 9. Qa4+ Nbd7 10. O-O-O Qc8 11. Bb6 g6 12. Nc4 Bh6+ 13. Be3 b5 14. Qb4
Bg7 15. Na5 O-O 16. Be2 Be6 17. Kb1 Nd5 18. Qa3 b4 19. cxb4 Nxb4 20. Qxb4 Rb8
21. Qa3 Bf5+ 22. Bd3 Bxb2 23. Qxb2 Rxb2+ 24. Kxb2 Bxd3 25. Rxd3 Nc5 26. Rd4 Qc7
27. Nb3 Qb7 28. Rc1 Nxb3 29. axb3 Rb8 30. Rc3 Qb5 31. Rdc4 f6 32. Nd4 Qd5 33.
f3 1-0

[Event "10. HIT Open 2005 - A"]
[Site "Nova Gorica SLO"]
[Date "2005.01.30"]
[Round "4.13"]
[White "Tratar, Marko"]
[Black "Cherin, Diego"]
[Result "1-0"]
[WhiteElo "2469"]
[BlackElo "2272"]
[PlyCount "115"]
[EventDate "2005.01.28"]
[EventType "swiss"]
[EventRounds "9"]
[EventCountry "SLO"]
[Source "lmi"]
[SourceDate "2005.02.03"]

1. Nf3 f5 2. c4 Nf6 3. g3 g6 4. Bg2 Bg7 5. Nc3 O-O 6. O-O d6 7. d4 Nc6 8. d5
Na5 9. Qa4 c5 10. dxc6 Nxc6 11. Rd1 Qa5 12. Qb3 Kh8 13. Bd2 Qb6 14. Be3 Qxb3
15. axb3 Ng4 16. Bc1 Be6 17. e3 Bg8 18. Nd4 Nge5 19. f4 Nxd4 20. exd4 Nc6 21.
Be3 g5 22. d5 Nb4 23. Rxa7 Nc2 24. Rxa8 Rxa8 25. Bf2 h6 26. Bf1 Na1 27. b4 Nc2
28. fxg5 hxg5 29. Bd3 Nxb4 30. Bxf5 Rf8 31. g4 Bh7 32. Bxh7 Kxh7 33. Be3 Kg6
34. Ne4 Nc2 35. Bxg5 Bd4+ 36. Kh1 Be3 37. Bh4 Rf4 38. Ng3 Rxg4 39. Bxe7 Bc5 40.
b3 Kf7 41. Nf5 Rg6 42. Bh4 Ke8 43. Bg3 Kd7 44. Rd2 Ne3 45. Nxe3 Bxe3 46. Rd3
Bc5 47. Kg2 b5 48. cxb5 Rg4 49. h4 Rb4 50. Be1 Rxb5 51. b4 Ba7 52. h5 Ke8 53.
Bc3 Kf8 54. Rf3+ Kg8 55. Rg3+ Kf8 56. h6 Rb7 57. Rg7 Rxg7+ 58. hxg7+ 1-0

[Event "10. HIT Open 2005 - A"]
[Site "Nova Gorica SLO"]
[Date "2005.01.30"]
[Round "4.14"]
[White "Ushenina, Anna"]
[Black "Olarasu, Gabriela"]
[Result "1/2-1/2"]
[WhiteElo "2357"]
[BlackElo "2327"]
[PlyCount "61"]
[EventDate "2005.01.28"]
[EventType "swiss"]
[EventRounds "9"]
[EventCountry "SLO"]
[Source "lmi"]
[SourceDate "2005.02.03"]

1. d4 d5 2. c4 c6 3. Nf3 Nf6 4. e3 Bf5 5. Nc3 e6 6. Nh4 Bg4 7. Qb3 Qb6 8. h3
Bh5 9. g4 Bg6 10. Nxg6 hxg6 11. Bg2 Be7 12. c5 Qxb3 13. axb3 g5 14. b4 Na6 15.
b5 Nc7 16. bxc6 bxc6 17. Kd2 Nd7 18. f4 f5 19. fxg5 Bxg5 20. gxf5 exf5 21. Kc2
Nf6 22. Rf1 g6 23. Rg1 Bh6 24. b4 Kf7 25. Bf1 Rhb8 26. Ra4 Rb7 27. Bd2 Re8 28.
Rg3 Reb8 29. Rg1 Re8 30. Rg3 Reb8 31. Rg1 1/2-1/2

[Event "10. HIT Open 2005 - A"]
[Site "Nova Gorica SLO"]
[Date "2005.01.30"]
[Round "4.15"]
[White "Zorko, Jure"]
[Black "Srebrnic, Marko"]
[Result "1-0"]
[WhiteElo "2300"]
[BlackElo "2249"]
[PlyCount "97"]
[EventDate "2005.01.28"]
[EventType "swiss"]
[EventRounds "9"]
[EventCountry "SLO"]
[Source "lmi"]
[SourceDate "2005.02.03"]

1. e4 c5 2. Nf3 Nc6 3. d4 cxd4 4. Nxd4 e5 5. Nb5 d6 6. N1c3 a6 7. Na3 b5 8. Nd5
Nf6 9. Bg5 Qa5+ 10. Bd2 Qd8 11. Nxf6+ Qxf6 12. Bd3 Qg6 13. O-O Be7 14. c4 Nd4
15. Kh1 O-O 16. Be3 b4 17. Nc2 Nxc2 18. Bxc2 Bb7 19. f3 Rfc8 20. Qe2 Bg5 21.
Bg1 Qe6 22. Bb3 a5 23. c5 Qe7 24. cxd6 Qxd6 25. Rfd1 Qc7 26. Be3 Bxe3 27. Qxe3
Rd8 28. Rxd8+ Rxd8 29. Rc1 Qd7 30. Qb6 Rc8 31. Rd1 Qe7 32. Qxa5 h5 33. Qb6 Bc6
34. h3 h4 35. Rc1 Bd7 36. Rc7 Rxc7 37. Qxc7 Qe8 38. Qd6 Bb5 39. Qxb4 Qc6 40.
Qc3 Qe8 41. Bd5 Bd7 42. Qc7 g6 43. b3 Kg7 44. a4 Qe7 45. a5 Qb4 46. Qxe5+ Kg8
47. Kh2 Qe1 48. Qf4 Be8 49. a6 1-0

[Event "10. HIT Open 2005 - A"]
[Site "Nova Gorica SLO"]
[Date "2005.01.30"]
[Round "4.16"]
[White "Krivec, Jana"]
[Black "Jovanic, Ognjen"]
[Result "0-1"]
[WhiteElo "2284"]
[BlackElo "2477"]
[PlyCount "82"]
[EventDate "2005.01.28"]
[EventType "swiss"]
[EventRounds "9"]
[EventCountry "SLO"]
[Source "lmi"]
[SourceDate "2005.02.03"]

1. e4 e5 2. Nc3 Nf6 3. f4 d5 4. fxe5 Nxe4 5. Qf3 Nxc3 6. dxc3 Be6 7. Qg3 c5 8.
Nf3 h6 9. Bb5+ Nd7 10. O-O a6 11. Bxd7+ Qxd7 12. Be3 Qb5 13. b4 d4 14. cxd4
cxb4 15. Ne1 g5 16. Nd3 Qc4 17. Qf3 O-O-O 18. Rab1 Rd7 19. Rfc1 Be7 20. Qd1 Kb8
21. Qd2 Rc8 22. Nxb4 Bxb4 23. Qxb4 Qxb4 24. Rxb4 Bxa2 25. c4 Rdc7 26. c5 Bd5
27. Rf1 Rc6 28. Bf2 Ka7 29. Rfb1 Re6 30. c6 b5 31. Rc1 Rexc6 32. Rc5 Rxc5 33.
dxc5 Kb7 34. Rd4 Kc6 35. h4 Re8 36. hxg5 hxg5 37. Bg3 a5 38. Rg4 b4 39. Rxg5 b3
40. Rf5 b2 41. Rf6+ Be6 0-1

[Event "10. HIT Open 2005 - A"]
[Site "Nova Gorica SLO"]
[Date "2005.01.30"]
[Round "4.18"]
[White "Srebrnic, Vojko"]
[Black "Jelen, Igor"]
[Result "1/2-1/2"]
[WhiteElo "2240"]
[BlackElo "2346"]
[PlyCount "109"]
[EventDate "2005.01.28"]
[EventType "swiss"]
[EventRounds "9"]
[EventCountry "SLO"]
[Source "lmi"]
[SourceDate "2005.02.03"]

1. e4 c5 2. Nf3 Nc6 3. d4 cxd4 4. Nxd4 Nf6 5. Nc3 e5 6. Ndb5 d6 7. Bg5 a6 8.
Na3 b5 9. Nd5 Be7 10. Bxf6 Bxf6 11. c3 O-O 12. Nc2 Rb8 13. a4 bxa4 14. Ncb4
Nxb4 15. Nxb4 Bb7 16. Bxa6 Bxe4 17. O-O Qc7 18. Re1 Ba8 19. Be2 Rfd8 20. Bf3
Rxb4 21. cxb4 d5 22. Rxa4 e4 23. Rxa8 Rxa8 24. Qxd5 Rb8 25. Qxe4 g6 26. b5 Qa5
27. b4 Qxb5 28. Rb1 Kg7 29. g3 Qb6 30. b5 Bd4 31. Qe2 Rd8 32. Rc1 Rb8 33. Rc4
Bf6 34. Bc6 Rd8 35. Rf4 Rd6 36. h4 h5 37. Kg2 Rd4 38. Rf3 Qc5 39. Qe3 Qd6 40.
Qb3 Rb4 41. Qd3 Rd4 42. Qa3 Qxa3 43. Rxa3 Rb4 44. Rf3 Bd8 45. Be8 Bf6 46. Ra3
Bd4 47. Rd3 Kf8 48. Bc6 Bb6 49. Rd2 Rb3 50. Re2 Bc5 51. f3 Rb1 52. f4 Rb3 53.
Rd2 Bb6 54. Bd7 Ke7 55. Bc6 1/2-1/2

[Event "10. HIT Open 2005 - A"]
[Site "Nova Gorica SLO"]
[Date "2005.01.30"]
[Round "4.19"]
[White "Astengo, Marcello"]
[Black "Skoberne, Jure"]
[Result "0-1"]
[WhiteElo "2074"]
[BlackElo "2248"]
[PlyCount "72"]
[EventDate "2005.01.28"]
[EventType "swiss"]
[EventRounds "9"]
[EventCountry "SLO"]
[Source "lmi"]
[SourceDate "2005.02.03"]

1. d4 g6 2. c4 Bg7 3. Nc3 Nf6 4. e4 d6 5. f3 O-O 6. Be3 c5 7. dxc5 dxc5 8. Qxd8
Rxd8 9. Bxc5 Nc6 10. Nd5 Nd7 11. Ba3 e6 12. Nc7 Rb8 13. Nb5 b6 14. O-O-O Ba6
15. Bd6 Rbc8 16. Bc7 Bxb5 17. Bxd8 Nxd8 18. Kb1 Bc6 19. Ne2 Kf8 20. Nd4 Ke7 21.
Be2 a5 22. Nxc6+ Nxc6 23. Rhe1 Nc5 24. Bf1 g5 25. g3 a4 26. f4 Bh6 27. f5 Bg7
28. fxe6 fxe6 29. h4 gxh4 30. gxh4 a3 31. b3 Be5 32. Bh3 Rf8 33. Rf1 Rxf1 34.
Rxf1 Nxe4 35. Re1 Nc3+ 36. Ka1 Nb4 0-1

[Event "10. HIT Open 2005 - A"]
[Site "Nova Gorica SLO"]
[Date "2005.01.30"]
[Round "4.20"]
[White "Stajner, Samo"]
[Black "Ilic, Ljubomir"]
[Result "0-1"]
[WhiteElo "2162"]
[BlackElo "2229"]
[PlyCount "144"]
[EventDate "2005.01.28"]
[EventType "swiss"]
[EventRounds "9"]
[EventCountry "SLO"]
[Source "lmi"]
[SourceDate "2005.02.03"]

1. Nf3 g6 2. g3 Bg7 3. Bg2 c5 4. c4 Nc6 5. O-O e6 6. d3 Nge7 7. Nbd2 O-O 8. Rb1
d5 9. a3 a5 10. b3 b6 11. e3 Ra7 12. Bb2 d4 13. exd4 Nxd4 14. Nxd4 Bxd4 15. Nf3
Bxb2 16. Rxb2 Bb7 17. b4 axb4 18. axb4 Bxf3 19. Qxf3 Ra3 20. bxc5 bxc5 21. Rb5
Rxd3 22. Qe2 Qd6 23. Rxc5 Rxg3 24. hxg3 Qxc5 25. Rb1 Rc8 26. Bf1 Nf5 27. Qf3 h5
28. Bd3 Nd6 29. Qf6 Ne8 30. Qf4 Qd6 31. Qf3 Kg7 32. Rb7 Nf6 33. Bf1 Qc6 34. Qb3
Qe4 35. Qb2 h4 36. gxh4 Qg4+ 37. Bg2 Rxc4 38. Rb3 Qxh4 39. Rh3 Qf4 40. Re3 Rd4
41. Qe2 Qd6 42. Qb2 Kg8 43. Rh3 Kg7 44. Re3 Rd1+ 45. Bf1 Rd2 46. Qc3 Rd4 47.
Qb2 e5 48. Qe2 e4 49. Bg2 Rd1+ 50. Bf1 Rd2 51. Qe1 Ng4 52. Qa1+ Qd4 53. Qxd4+
Rxd4 54. Re2 f5 55. Bg2 Rd1+ 56. Bf1 Kf6 57. Kg2 Kg5 58. Ra2 Kf4 59. Be2 Rd4
60. Ra6 Ne5 61. Ra2 g5 62. Rc2 g4 63. Ra2 Rd6 64. Rb2 Kg5 65. Rb5 Rd2 66. Rxe5
Kf4 67. Ra5 Rxe2 68. Ra3 Rd2 69. Re3 Rd3 70. Re2 g3 71. Re1 Rd2 72. Kh3 gxf2
0-1